000
00301 a2200109 4500
000
nam a22 7a 4500
005
20260302164722.0
100
_a
Parashar, Rakesh Kumar
_9
1123506
245
_a
Chemistry of Heterocyclic Compounds
260
_b
Ane Publishers and Distributors
_c
2025
942
_c
TEXL
999
_c
1688421
_d
1688421